000
00293nam a22001337a 4500
008
170612b xxu||||| |||| 00| 0 eng d
020
_a
0822603624
041
_a
eng
080
_a
328
100
_a
19
101
_a
SHP
245
_a
THE ART OF POLITICAL THINKING
_c
WELCH,W
942
_2
udc
_c
BK
999
_c
16933
_d
16933